| 000 | 00636nam a2200181 u 4500 | ||
|---|---|---|---|
| 005 | 20210223130246.0 | ||
| 008 | 070905s1975 cu r 000 0 spa d | ||
| 035 | _aUPN01000151672 | ||
| 049 | _aCG | ||
| 050 | 4 |
_aUA853 V5 _bV6.2 |
|
| 100 | 1 |
_aVo, Nguyen Giap, _d1912- _933203 |
|
| 245 | 1 | 0 |
_aArmar a las masas revolucionarias, construir el ejército popular / _cVo Nguyen Giap ; tr. Giannina Bertarelli. |
| 260 |
_aLa Habana : _bEditorial de ciencias sociales, _c1975. |
||
| 300 | _a263 p. | ||
| 650 | 4 |
_aARTE Y CIENCIA MILITARES _92627 |
|
| 651 | 4 |
_aVIETNAM (REPUBLICA DEMOCRATICA, 1946- ) - _xFUERZAS ARMADAS _918980 |
|
| 905 | _aLibro | ||
| 999 |
_c123808 _d123808 |
||